000 00766nam a2200169 i 4500
001 167799
003 ES-MaACL
005 20250716063332.0
008 050929s1862 fr ac |||| | fre d
100 0 _aVoltaire,
_d1694-1778
_9115721
245 1 0 _aThéatre de Voltaire.
260 _aParis :
_bFirmin Didot Frères, Fils et C.,
_c1862.
300 _a657 p., [1] h. de lám. ;
_c18 cm.
505 8 _aContiene: Oedipe: p. 12-71 ; Brutus: p. 72-135 ; Zaire: p. 136-196 ; La mort de César: p. 197-239 ; Alzire: p.240-297 ; Le fanatisme: p. 298-359 ; Mérope: p. 360-426 ; Sémiramis: p. 427-491 ; Rome sauvée: p. 492-546 ; L'Orphelin de la Chine: p. 547-600 ; Tancrède: p. 601-657
852 _aES-MaACL
_jG-9260
_z- Enc. hol.
999 _c167799
_d167799